000 00871nam a2200205Ia 4500
003 GCL
008 140319s9999 xx 000 0 ara d
040 _aGCL /
_cGCL
082 0 4 _a327.620569
_bم م
245 1 0 _aملف اتفاق توسيع الحكم الذاتى الفلسطينى اتفاقية طابا :
_bفى الفترة من 5 سبتمبر1995 - الى 13 اكتوبر 1995
260 _aالقاهرة :
_bمركز الاهرام للتنظيم وتكنولوجيا المعلومات ،
_c2003
300 _a127 ص ؛
_c40 سم
650 0 4 _aالنزاع العربى الاسرائيلى
650 0 4 _aالشرق الاوسط
650 0 4 _aالمعاهدات
650 0 4 _aالالتزامات الدولية
650 0 4 _aاسرائيل - اتفاقيات
650 0 4 _aمصر - العلاقات الخارجية - فلسطين
942 _2ddc
_cBK
999 _c5676
_d5676